LIBRARY ONLINE CATALOGUE

Java 2 programming black book / (Record no. 141)

MARC details
000 -LEADER
fixed length control field 00657cam a22002172 4500
001 - CONTROL NUMBER
control field 0000000281
005 - DATE AND TIME OF LATEST TRANSACTION
control field 20151021151044.0
008 - FIXED-LENGTH DATA ELEMENTS--GENERAL INFORMATION
fixed length control field 070119s xx 000 0 eng d
020 ## - INTERNATIONAL STANDARD BOOK NUMBER
International Standard Book Number 81 77222309 :
Terms of availability KES 3,200
040 ## - CATALOGING SOURCE
Original cataloging agency KABU
Transcribing agency KABU
050 #0 - LIBRARY OF CONGRESS CALL NUMBER
Classification number QA76.73
Item number .J38H65 2001
100 1# - MAIN ENTRY--PERSONAL NAME
Personal name Holzner, Steven.
-- 0000148384
245 10 - TITLE STATEMENT
Title Java 2 programming black book /
Statement of responsibility, etc. Steven Holzner.
250 ## - EDITION STATEMENT
Edition statement rev. ed.
260 ## - PUBLICATION, DISTRIBUTION, ETC. (IMPRINT)
Place of publication, distribution, etc. New Delhi :
Name of publisher, distributor, etc. Dreamtech, 2001.
300 ## - PHYSICAL DESCRIPTION
Extent xxvi, 1154 p.
650 #0 - SUBJECT ADDED ENTRY--TOPICAL TERM
Topical term or geographic name as entry element Java (Computer program language)
-- 0000148169
908 ## - PUT COMMAND PARAMETER (RLIN)
Put command parameter 070119
950 ## - LOCAL HOLDINGS (RLIN)
-- 1
Holdings
Withdrawn status Lost status Source of classification or shelving scheme Not for loan Home library Current library Date acquired Total Checkouts Total Renewals Full call number Barcode Date last seen Date last checked out Price effective from Koha item type
    Library of Congress Classification   Kabarak, Nakuru City Campus Kabarak, Nakuru City Campus 21/10/2015 6 3 QA76.73 .J38H65 2001 005583 11/06/2022 05/05/2022 21/10/2015 General Collection